00537cam a22002051 4500001001300000003000400013005001700017008004100034010001700075035002000092040001900112042001200131050001700143060002300160100002600183245005000209260003200259300002300291999001700314med47002232 DLC20260227111605.0810815s1944 xx a 000 0 ger  amed47002232  a(OCoLC)14744350 aDLCcDNLMdDLC apremarc00aRC76.3b.L370 aWB 278bL256g 19441 aLandes, Georg,d1906-10aGrundriss der Perkussion und Auskultation ... aBerlin,bDe Gruyter,c1944. aviii, 111 p.bill. c38535d38535